Gaming Quiz

Random Gaming or Pokémon Quiz

(Pokemon Trivia) : Legendary or Mythical? Quiz Stats

Quiz not verified by Sporcle

Challenge
Share
Tweet
Embed
Score 0/5 Timer 00:30
0 Plays Today
Question Answer Wrong Answers
What groups of these Pokemons has only Legendaries? Entei, Raikou, Suicune, Lugia, Ho-Oh
88.2%
Deoxys, Rayquaza, Kyogre, Groudon, Arceus
4.4%
Celebi, Victini, Hoopa, Volcanion, Diancie
2.9%
Zygarde, Xerneas, Yveltal, Reshiram, Magearna
2.9%
Select the correct description about Mythicals. Mythical Pokemon are event pokemon that cannot be obtained during normal gameplay.
75%
Mythical Pokemon are the same as Legendary Pokemon.
4.4%
Mythical Pokemon are Pokemon that can be obtained during normal gameplay.
11.8%
Mythical Pokemon in Gen 3 are Jirachi, Deoxys, and Arceus.
1.5%
What pairs of these Pokemons have both Legendaries and Mythicals. Manaphy, Giratina
64.7%
Dialga, Palkia
4.4%
Mewtwo, Zapdos
7.4%
Solgaleo, Lunala
8.8%
What evolutionary line is 'Pseudo Legendaries'? Jangmo-o, Hakamo-o, Kommo-o
42.6%
Slakoth, Vigoroth, Slaking
5.9%
Cosmog, Cosmoem, Solgaleo, Lunala
13.2%
Trapinch, Vibrava, Flygon
5.9%
Hard Question: Name Legendaries/Mythicals that has a Gender. Latias, Heatran
32.4%
Manaphy, Phione, Latios
8.8%
Solgaleo, Lunala
8.8%
Phione, Mew, Ditto
1.5%

You're not logged in!

Compare scores with friends on all Sporcle quizzes.
Sign Up with Email
OR
Log In

You Might Also Like...

Show Comments

Extras

Top Quizzes Today


Score Distribution

Your Account Isn't Verified!

In order to create a playlist on Sporcle, you need to verify the email address you used during registration. Go to your Sporcle Settings to finish the process.